Normal view
MARC view
- Nourbakhsh, Illah Reza,
Entry Personal Name
001 - CONTROL NUMBER
- control field: 106699
003 - CONTROL NUMBER IDENTIFIER
- control field: NUST
005 - DATE AND TIME OF LATEST TRANSACTION
- control field: 20230103102918.0
008 - FIXED-LENGTH DATA ELEMENTS
- fixed length control field: 230103|| aca||aabn | a|a d
040 ## - CATALOGING SOURCE
- Original cataloging agency: NUST
- Transcribing agency: NUST
100 ## - HEADING--PERSONAL NAME
- Personal name: Nourbakhsh, Illah Reza,
- Dates associated with a name: 1970-
670 ## - SOURCE DATA FOUND
- Source citation: Work cat.: (NUST)178748: Siegwart, Roland. 106697, Introduction to autonomous mobile robots /, 2005.
